Score 0/31 Timer 03:00
0 Plays Today
Hint 4-Letter Word % Correct
Back of the footHEEL
91.1%
Where one finds toesFEET
89.9%
Italy's supposed shapeBOOT
89.8%
A reddish root vegetableBEET
88.8%
Pants supporterBELT
87.9%
• What one does with the bludgers •• BEAT •
86.2%
• Madame Pomfrey does this •• HEAL •
85.9%
Pool table coveringFELT
85.8%
A way of eating ice creamLICK
85.8%
Opposite of coolnessHEAT
85.3%
• Sound Hedwig makes •• HOOT •
84.5%
To direct your eyes in a specific directionLOOK
84.2%
Parasites found on headsLICE
83.9%
• Alohomora opens this •• LOCK •
83.6%
• Chaser for Gryffindor; Katie _____• BELL •
79.1%
• Where you score with the quaffle •• HOOP •
77.6%
Hint 4-Letter Word % Correct
• Quaffle, snitch, or bludger, e.g. •• BALL •
77.2%
A circle or ringLOOP
75.3%
Former money from ItalyLIRE
72.8%
A part of a boatKEEL
70.9%
To ooze through somethingSEEP
69.8%
• Harry's broom with [rung 26] •• BOLT •
68.9%
• Harry's broom with [rung 16] •• FIRE •
68.2%
• What one does to the hoops •• KEEP •
66.4%
Something that can be saidWORD
65%
Cotton plant seed holderBOLL
64.9%
• What one does with the snitch •• SEEK •
60%
• Captain of the Gryffindor team; Oliver _____• WOOD •
59.3%
• This is paid to ride the Knight Bus •• FARE •
57.9%
• What Harry did with his uniform •• WORE •
56.1%
• This could be sold in Diagon Alley •• WARE •
48.4%

Today's Daily Dose

Missing Word
'T' Pairs

Word Ladder
Game Pieces

Get the Picture
Baseball Movies

Remove Ads.
Support Sporcle.
Get the best of Sporcle when you Go Orange. This ad-free experience offers more features, more stats, and more fun while also helping to support Sporcle. Thank you for becoming a member.

You're not logged in!

Compare scores with friends on all Sporcle quizzes.
OR
Log In

Show Comments

Extras

Top Quizzes Today


Score Distribution

Your Account Isn't Verified!

In order to create a playlist on Sporcle, you need to verify the email address you used during registration. Go to your Sporcle Settings to finish the process.

Report this User

Report this user for behavior that violates our Community Guidelines.

Details: